| 000 | 00610npc a2200217Ia 4500 | ||
|---|---|---|---|
| 001 | dg50-2612 [d000002748] | ||
| 003 | IT-MiCISF | ||
| 008 | 161014s9999||||xx | und|| | ||
| 040 |
_aIT-MiCISF _cIT-MiCISF |
||
| 041 | _ait | ||
| 100 | _aDi Blasio P. | ||
| 245 | 0 | _aLe segnalazioni di abuso all'infanzia dal 1985 al 1994 | |
| 250 | _a1a ed. | ||
| 260 |
_a Milano _bCBM - Centro per il bambino maltrattato _c1995 |
||
| 300 | _ap. 19 | ||
| 500 | _a / abuso-di-minore, territorio / | ||
| 650 | _amaltrattamenti-violenza | ||
| 700 | _aBarachetti P. | ||
| 942 | _cDD | ||
| 957 | _71 | ||
| 999 |
_a2612 _bsi _g1 _c207432 _d207432 |
||